| 000 | 00000nam 2200000zi 4500 |
| 001 | 9.935192 |
| 003 | CaOODSP |
| 005 | 20240416085206 |
| 006 | m o d f |
| 007 | cr mn||||||||| |
| 008 | 240311s2022 quca o f000 0 eng d |
| 040 | |aCaOODSP|beng|erda|cCaOODSP |
| 043 | |an-cn--- |
| 086 | 1 |aCH58-5/4-2022E-PDF |
| 245 | 00|a2022-2025 strategic plan : |ba unique heritage, a dynamic space. |
| 264 | 1|a[Québec] : |bGovernment of Canada, the National Battlefields Commission = Gouvernement du Canada, Commission des champs de bataille nationaux, |c[2022] |
| 300 | |a1 online resource (13 pages) : colour illustrations |
| 336 | |atext|btxt|2rdacontent |
| 337 | |acomputer|bc|2rdamedia |
| 338 | |aonline resource|bcr|2rdacarrier |
| 500 | |aIssued also in French under title: Plan stratégique 2022-2025 : un patrimoine unique, un espace dynamique. |
| 610 | 10|aCanada. |bNational Battlefields Commission|xPlanning. |
| 650 | 0|aStrategic planning|zCanada. |
| 710 | 1 |aCanada. |bNational Battlefields Commission, |eissuing body. |
| 775 | 08|tPlan stratégique 2022-2025 : |w(CaOODSP)9.935193 |
| 856 | 40|qPDF|s1.84 MB|uhttps://publications.gc.ca/collections/collection_2024/ccbn-nbc/CH58-5-4-2022-eng.pdf |